Normale Ansicht MARC-Ansicht ISBD

Fragments of a world (Titelsatznr. 62906)

[ MARC ]
MARC-Details
000 -Satzkennung
Kontrollfeld mit fester Länge 01991nam a22004213i 4500
001 - Kontrollnummer
Kontrollfeld EBC7235775
003 - Kontrollnummer Identifier
Kontrollfeld MiAaPQ
005 - Datum und Zeit der letzten Transaktion
Kontrollfeld 20230814203927.0
007 - Feld mit fester Länge zur physischen Beschreibung - Allgemeine Information
Kontrollfeld mit fester Länge cr cnu||||||||
008 - Feld mit fester Länge zur physischen Beschreibung - Allgemeine Angaben
Kontrollfeld mit fester Länge 230731s2023 xx o ||||0 eng d
020 ## - Internationale Standardbuchnummer
Internationale Standardbuchnummer 9780226826196
Nähere Angaben (electronic bk.)
020 ## - Internationale Standardbuchnummer
Gelöschte/ungültige ISBN 9780226826189
040 ## - Katalogisierungsquelle
Original-Katalogisierungsstelle MiAaPQ
Katalogisierungssprache eng
Übertragungsstelle MiAaPQ
100 1# - Haupteintragung - Personenname
Personenname Smith, Lesley.
Koha-Normdatenidentnummer 25375
245 10 - Titel
Titel Fragments of a world
Zusatz zum Titel William of Auvergne and his medieval life
Verfasserangabe etc. Lesley Smith
264 #1 - Produktion, Veröffentlichung, Distribution, Herstellung und Urheberrechtsvermerk
Herstellungs-, Veröffentlichungs- Vertriebs-, Erzeugungsort Chicago :
Produzent, Herausgeber, Distributor, Hersteller University of Chicago Press,
Datum der Herstellung, der Veröffentlichung, des Vertriebs oder des Urheberschutzvermerks 2023.
264 #4 - Produktion, Veröffentlichung, Distribution, Herstellung und Urheberrechtsvermerk
Datum der Herstellung, der Veröffentlichung, des Vertriebs oder des Urheberschutzvermerks ©2023.
300 ## - Physische Beschreibung
Umfang 1 online resource (298 pages)
336 ## - Inhaltstyp
Inhaltstypterm Text
Inhaltstypcode txt
Quelle rdacontent
337 ## - Medientyp
Bezeichnung des Medientyps Computermedien
Medientypcode c
Quelle rdamedia
338 ## - Datenträgertyp
Datenträgertypbezeichnung Online Resource
Datenträgertypcode cr
Quelle rdacarrier
500 ## - Allgemeine Fußnote
Allgemeine Fußnote E-Book-ProQuest / Fernzugriff nach Registrierung möglich
505 0# - Fußnote zu strukturierten Inhaltsangaben
Fußnote zu strukturierten Inhaltsangaben Intro -- Contents -- Preface and Acknowledgments -- Maps -- One. Seeing in a Smoky Mirror -- Two. Home and Family -- Three. Teachers and Teaching -- Four. Paris -- Five. Bishop -- Six. Language -- Seven. Knowing -- Eight. Jews -- Nine. Women -- Ten. The Weak -- Eleven. Poverty -- Twelve. The Landed and the Monied -- Thirteen. Animals -- Fourteen. Food and Drink -- Fifteen. Death and Beyond -- Sixteen. Face to Face -- List of Abbreviations -- Notes -- Bibliography -- Index.
600 1# - Nebeneintragung unter einem Schlagwort - Personenname
Quelle der Ansetzung oder des Terms gnd
Personenname Guilelmus, Arvernus
Datumsangaben in Verbindung mit einem Namen 1180-1249
Koha-Normdatenidentnummer 25833
610 2# - Nebeneintragung unter einem Schlagwort - Körperschaftsname
Quelle der Ansetzung oder des Terms gnd
Körperschafts- oder Gebietskörperschaftsname als Eintragungselement Katholische Kirche
651 #7 - Nebeneintragung unter einem Schlagwort - Geografischer Name
Quelle der Ansetzung oder des Terms gnd
Geografischer Name Paris
Koha-Normdatenidentnummer 1472
653 ## - Indexierungsterm - Nicht normiert
Nicht-normierter Term William,-of Auvergne, Bishop of Paris,-1180-1249.
653 ## - Indexierungsterm - Nicht normiert
Nicht-normierter Term Bishops-France-Biography.
653 ## - Indexierungsterm - Nicht normiert
Nicht-normierter Term Catholic Church
653 ## - Indexierungsterm - Nicht normiert
Nicht-normierter Term Theologians
655 ## - Indexierungsterm - Genre/Form
Genre/Form oder fokussierter Term Fernzugriff
Koha-Normdatenidentnummer 230
655 ## - Indexierungsterm - Genre/Form
Genre/Form oder fokussierter Term Biografie
Koha-Normdatenidentnummer 480
776 08 - Andere physische Form
Verweisungsphrase Print version:
Haupteintragung Smith, Lesley
Titel Fragments of a World
Ort, Verlag und Erscheinungsjahr Chicago : University of Chicago Press,c2023
Internationale Standardbuchnummer 9780226826189
856 40 - Elektronische Adresse und Zugriff
URL <a href="https://ebookcentral.proquest.com/lib/maxweberstiftung-ebooks/detail.action?docID=7235775">https://ebookcentral.proquest.com/lib/maxweberstiftung-ebooks/detail.action?docID=7235775</a>
OPAC-Notiz Volltext
942 ## - Zusätzliche Felder (Koha)
Koha-Medientyp E-Books
Klassifikation oder Aufstellungssystematik Andere/Generische Klassifikation
Exemplare
Ausgeschieden Verloren Klassifikation oder Aufstellungssystematik Beschädigt Nicht entleihbar Heimatbibliothek Aufenthaltsbibliothek Aufstellungsort Erwerbungsdatum Inventarnummer Signatur Barcode Letzte Aktivität Preis gültig von Koha-Medientyp
    Andere/Generische Klassifikation     MWN Osteuropa MWN Osteuropa Online-Ressource 31/07/2023 23-e01060 E-23-e01060 65708 31/07/2023 31/07/2023 E-Books